[Event "HEM 2009 C-Turnier"]
[Site "Idstein"]
[Date "2009.04.09"]
[Round "3"]
[White "Schwarz, Eduard"]
[Black "Kellerwessel, Ralf"]
[Result "0-1"]
[WhiteElo "1846"]
[BlackElo "1911"]
[PlyCount "80"]
[EventDate "2009.??.??"]

1. d4 c5 2. d5 d6 3. c4 Nf6 4. Nc3 g6 5. e4 Bg7 6. Be2 e6 7. Nf3 O-O 8. O-O
exd5 9. cxd5 Re8 10. Nd2 a6 11. a4 Nbd7 12. f4 Rb8 13. Qc2 Nf8 14. a5 Bg4 15.
Bd3 Bd7 16. Kh1 Ng4 17. Nf3 Qc7 18. b3 b5 19. axb6 Qxb6 20. Rb1 Bb5 21. Bd2 Nd7
22. h3 Bxd3 23. Qxd3 c4 24. Qe2 Bxc3 25. Bxc3 Ne3 26. Rfe1 Nxd5 27. Bd4 Qc7 28.
Qf2 Nb4 29. Ng5 f6 30. Rf1 Nc6 31. Qh4 fxg5 32. fxg5 Nxd4 33. Rf7 Kxf7 34.
Qxh7+ Ke6 35. Rf1 Re7 36. Qxg6+ Ke5 37. Rf5+ Nxf5 38. Qxf5+ Kd4 39. Qd5+ Kc3
40. bxc4 Qxc4 0-1

[Event "HEM 2009 C-Turnier"]
[Site "Idstein"]
[Date "2009.04.09"]
[Round "3"]
[White "Rump, Andreas"]
[Black "Guenzler, Richard"]
[Result "1-0"]
[WhiteElo "1801"]
[BlackElo "1909"]
[PlyCount "113"]
[EventDate "2009.??.??"]

1. e4 Nf6 2. e5 Nd5 3. d4 d6 4. c4 Nb6 5. exd6 exd6 6. Bd3 Nc6 7. Ne2 Nb4 8.
O-O Nxd3 9. Qxd3 Be7 10. Nf4 O-O 11. Nc3 Re8 12. b3 Bf8 13. Bb2 g6 14. Rae1 Bf5
15. Qf3 Qg5 16. Ne4 Bxe4 17. Rxe4 Bh6 18. g3 Qf5 19. Rfe1 Rxe4 20. Qxe4 Qxe4
21. Rxe4 Bxf4 22. gxf4 d5 23. Re7 Rc8 24. c5 Kf8 25. Re3 Nd7 26. f5 Re8 27. c6
bxc6 28. Ba3+ c5 29. Rc3 c6 30. f6 Nxf6 31. Rxc5 Kg7 32. Rxc6 Re2 33. Ra6 Ne4
34. Bb4 Rxf2 35. Be1 Rc2 36. Rxa7 Rc1 37. Kf1 Nd6 38. Ke2 Rc2+ 39. Kd1 Rxh2 40.
Bg3 Rh1+ 41. Ke2 Nb5 42. Be5+ Kf8 43. Ra8+ Ke7 44. Kd2 f6 45. a4 fxe5 46. axb5
Rh2+ 47. Kc3 exd4+ 48. Kxd4 Kd6 49. Ra6+ Kc7 50. Kxd5 Rh4 51. Kc5 Rh5+ 52. Kb4
Rh1 53. Rf6 Rh5 54. Ka5 Kb7 55. Rf7+ Kc8 56. Ka6 Rd5 57. b6 1-0

[Event "HEM 2009 C-Turnier"]
[Site "Idstein"]
[Date "2009.04.09"]
[Round "3"]
[White "Held, Helmut"]
[Black "Minor, Dieter"]
[Result "1-0"]
[WhiteElo "1768"]
[BlackElo "1848"]
[PlyCount "87"]
[EventDate "2009.??.??"]

1. e4 e6 2. d4 d5 3. Nd2 Nf6 4. e5 Nfd7 5. f4 c5 6. c3 Nc6 7. Ndf3 Qb6 8. h4 f6
9. Bd3 cxd4 10. cxd4 Bb4+ 11. Kf1 fxe5 12. dxe5 Nc5 13. Be3 Qc7 14. Bxc5 Bxc5
15. Rc1 Be3 16. Rc3 Bxf4 17. Qc2 g6 18. h5 g5 19. Nh3 Bd7 20. Nxf4 gxf4 21.
Bxh7 O-O-O 22. Bg6 Kb8 23. Rh4 Rdf8 24. Qd2 Qb6 25. Bd3 Qd8 26. Rh3 Rhg8 27.
Bg6 Be8 28. Bd3 Rg3 29. Rh2 Qa5 30. Nd4 Nxd4 31. Rc8+ Kxc8 32. Qxa5 Nc6 33. Qc5
Rf7 34. Bg6 Re7 35. b4 d4 36. b5 Rc3 37. Qd6 Rd7 38. Qxe6 Bxg6 39. hxg6 Nd8 40.
Qg4 d3 41. Rh7 Rcc7 42. Rxd7 Rxd7 43. Ke1 Kc7 44. g7 1-0

[Event "HEM 2009 C-Turnier"]
[Site "Idstein"]
[Date "2009.04.09"]
[Round "3"]
[White "Wachtel, Johann"]
[Black "Rompel, Michael"]
[Result "1/2-1/2"]
[WhiteElo "1712"]
[BlackElo "1992"]
[PlyCount "34"]
[EventDate "2009.??.??"]

1. e4 c6 2. f4 Nf6 3. Nc3 d5 4. e5 Nfd7 5. d4 e6 6. Nf3 c5 7. Be3 Nc6 8. dxc5
Bxc5 9. Bxc5 Nxc5 10. Bb5 Qb6 11. Nd4 Bd7 12. Bxc6 bxc6 13. Nb3 Nxb3 14. axb3
O-O 15. Qd3 a6 16. h4 c5 17. Rb1 Bc6 1/2-1/2

[Event "HEM 2009 C-Turnier"]
[Site "Idstein"]
[Date "2009.04.09"]
[Round "3"]
[White "Matzies, Alexander"]
[Black "Grass, Ernest"]
[Result "1-0"]
[WhiteElo "1961"]
[BlackElo "1948"]
[PlyCount "35"]
[EventDate "2009.??.??"]

1. e4 c5 2. Nf3 g6 3. d4 Bg7 4. c3 cxd4 5. cxd4 Nf6 6. Nc3 d6 7. Bb5+ Bd7 8. e5
dxe5 9. dxe5 Ng4 10. e6 Bxc3+ 11. bxc3 Bxb5 12. exf7+ Kxf7 13. Qb3+ Ke8 14.
Qxb5+ Qd7 15. Qe2 Kd8 16. O-O Kc8 17. Rd1 Qc7 18. Qe6+ 1-0

[Event "HEM 2009 C-Turnier"]
[Site "Idstein"]
[Date "2009.04.09"]
[Round "3"]
[White "Ewin, Hans-Peter"]
[Black "Zimmer, Gerald"]
[Result "1/2-1/2"]
[WhiteElo "1897"]
[BlackElo "1772"]
[PlyCount "30"]
[EventDate "2009.??.??"]

1. e4 e6 2. d4 d5 3. Nc3 Bb4 4. e5 c5 5. a3 Bxc3+ 6. bxc3 Ne7 7. Qg4 Qc7 8.
Qxg7 Rg8 9. Qxh7 cxd4 10. Ne2 dxc3 11. f4 Nbc6 12. Kd1 d4 13. Ng3 Bd7 14. Ne4
O-O-O 15. Nd6+ Kb8 1/2-1/2

[Event "HEM 2009 C-Turnier"]
[Site "Idstein"]
[Date "2009.04.09"]
[Round "3"]
[White "Zhukov, Leonid"]
[Black "Ahrends, Norbert"]
[Result "0-1"]
[WhiteElo "1770"]
[BlackElo "2021"]
[PlyCount "72"]
[EventDate "2009.??.??"]

1. e4 c6 2. d4 d5 3. exd5 cxd5 4. Nf3 Nf6 5. c3 Nc6 6. Bf4 Bg4 7. h3 Bh5 8. Be2
a6 9. Nbd2 e6 10. Nb3 Be7 11. O-O O-O 12. Kh1 b5 13. Nc1 b4 14. Nd3 bxc3 15.
bxc3 Ne4 16. Bd2 Bd6 17. Rc1 Na5 18. Nfe5 Bxe2 19. Qxe2 f6 20. Nf3 Nc4 21. Be1
Qa5 22. Rc2 Rae8 23. Nd2 Ncxd2 24. Bxd2 Bb8 25. Rfc1 Qc7 26. Bf4 e5 27. Bh2 Qf7
28. f3 Nxc3 29. Qf1 exd4 30. Bg1 Qe7 31. Re1 Qd6 32. Rec1 Re6 33. f4 Rfe8 34.
Qf2 Re3 35. Qd2 Re2 36. Qxe2 Nxe2 0-1

[Event "HEM 2009 C-Turnier"]
[Site "Idstein"]
[Date "2009.04.09"]
[Round "3"]
[White "Larem, Peter"]
[Black "Winter, Lars"]
[Result "0-1"]
[WhiteElo "1935"]
[BlackElo "2016"]
[PlyCount "68"]
[EventDate "2009.??.??"]

1. e4 c5 2. c3 Nf6 3. e5 Nd5 4. d4 cxd4 5. Nf3 Nc6 6. Bc4 Nb6 7. Bb3 d6 8. exd6
Qxd6 9. O-O Be6 10. Bxe6 Qxe6 11. cxd4 Rd8 12. Nc3 Qd7 13. Be3 e6 14. Qe2 Bb4
15. Rad1 Nd5 16. Ne4 b6 17. Ne5 Nxe5 18. dxe5 O-O 19. Bg5 Be7 20. Qg4 Bxg5 21.
Qxg5 h6 22. Qg3 Qa4 23. Nd6 Qxa2 24. Rd4 Ne7 25. Rg4 Ng6 26. Nxf7 Rxf7 27. Rxg6
Kh7 28. Qg4 Re8 29. Qe4 Rf5 30. Qg4 Re7 31. b4 Qd5 32. Re1 Rxe5 33. Rf1 Qe4 34.
h4 Qxg6 0-1

[Event "HEM 2009 C-Turnier"]
[Site "Idstein"]
[Date "2009.04.09"]
[Round "3"]
[White "Fußnecker, Manfred"]
[Black "Hoppe, Michael"]
[Result "1-0"]
[WhiteElo "1993"]
[BlackElo "1935"]
[PlyCount "83"]
[EventDate "2009.??.??"]

1. e4 c5 2. Nf3 Nc6 3. Bb5 d6 4. d4 cxd4 5. Qxd4 Bd7 6. Bxc6 Bxc6 7. Nc3 Nf6 8.
Bg5 Nd7 9. O-O-O Qb6 10. Rhe1 Qxd4 11. Nxd4 g6 12. f4 Bg7 13. e5 dxe5 14. Ndb5
O-O 15. Bxe7 Rfc8 16. Bd6 a6 17. Nc7 Ra7 18. N3d5 Bxd5 19. Nxd5 Re8 20. Ne7+
Kh8 21. fxe5 b5 22. e6 fxe6 23. Rxe6 Raa8 24. Rde1 Red8 25. Nc6 Rdc8 26. Re7
Nf6 27. Ne5 Re8 28. g4 Rxe7 29. Bxe7 Nd5 30. Bd6 Bh6+ 31. Kb1 Kg8 32. c4 bxc4
33. Nxc4 Rd8 34. Be5 Re8 35. Bg3 Rd8 36. Re6 Nb4 37. Bd6 Rc8 38. b3 Nc6 39. Bg3
Bf8 40. g5 a5 41. Nb6 Rd8 42. Rxc6 1-0

[Event "HEM 2009 C-Turnier"]
[Site "Idstein"]
[Date "2009.04.09"]
[Round "3"]
[White "Launert, Martin"]
[Black "Egenolf, Dirk"]
[Result "1-0"]
[WhiteElo "1988"]
[BlackElo "1896"]
[PlyCount "91"]
[EventDate "2009.??.??"]

1. e4 c5 2. Nf3 Nc6 3. d4 cxd4 4. Nxd4 Nf6 5. Nc3 d6 6. Bg5 e6 7. f4 Be7 8. Qd2
a6 9. O-O-O Na5 10. Nf3 b5 11. e5 dxe5 12. Qe1 Qc7 13. Nxe5 b4 14. Ne4 Bb7 15.
Bxf6 gxf6 16. Rd7 Qb6 17. Rxe7+ Kxe7 18. Nxf6 Rad8 19. Bd3 Kxf6 20. Qh4+ Kg7
21. Qg5+ Kf8 22. Qf6 Qc7 23. Qxh8+ Ke7 24. Qxh7 Rf8 25. Ng6+ Ke8 26. Qg7 Qc5
27. Qxf8+ Qxf8 28. Nxf8 Kxf8 29. Rg1 Bd5 30. a3 b3 31. cxb3 Nxb3+ 32. Kd1 Nc5
33. Bc2 Nb7 34. Kd2 Nd6 35. Bd3 a5 36. g4 f6 37. b4 axb4 38. axb4 e5 39. fxe5
fxe5 40. Rf1+ Kg7 41. b5 e4 42. Be2 Bc4 43. Rb1 Bd5 44. b6 Kf6 45. Ba6 Ke5 46.
b7 1-0

[Event "HEM 2009 C-Turnier"]
[Site "Idstein"]
[Date "2009.04.09"]
[Round "3"]
[White "Bolduan, Michael"]
[Black "Schmitt, Carsten"]
[Result "1/2-1/2"]
[WhiteElo "1883"]
[BlackElo "1988"]
[PlyCount "58"]
[EventDate "2009.??.??"]

1. Nf3 d5 2. g3 c6 3. Bg2 Nd7 4. O-O e5 5. d3 Ngf6 6. Nbd2 Bc5 7. h3 O-O 8. e4
Re8 9. a4 Nf8 10. Re1 Ng6 11. exd5 cxd5 12. Nb3 Bb6 13. a5 Bc7 14. Bg5 h6 15.
Bd2 Bd7 16. Nc5 Bc6 17. b4 Nd7 18. Nxd7 Qxd7 19. c4 dxc4 20. dxc4 Rad8 21. Be3
Qc8 22. Qe2 Bd7 23. Qf1 Bb8 24. b5 f5 25. a6 bxa6 26. Rxa6 f4 27. Rxg6 fxe3 28.
Rxe3 Bf5 29. Rc6 Qd7 1/2-1/2

[Event "HEM 2009 C-Turnier"]
[Site "Idstein"]
[Date "2009.04.09"]
[Round "3"]
[White "Libuda, Thomas"]
[Black "Haftmann, Rainer"]
[Result "1/2-1/2"]
[WhiteElo "1973"]
[BlackElo "1877"]
[PlyCount "95"]
[EventDate "2009.??.??"]

1. d4 Nf6 2. Nf3 e6 3. e3 d5 4. Bd3 c6 5. Nbd2 Bd6 6. O-O Nbd7 7. Qe2 O-O 8.
Rd1 Qe7 9. e4 dxe4 10. Nxe4 Nxe4 11. Qxe4 f5 12. Qe2 h6 13. b3 Kh8 14. a4 Nf6
15. Ne5 Bxe5 16. Qxe5 Ng4 17. Qg3 Re8 18. f3 Nf6 19. Ba3 Qf7 20. Re1 Bd7 21.
Re5 Rad8 22. Rae1 Bc8 23. Qf2 Rd5 24. Bc4 Rxe5 25. dxe5 Nd5 26. Qxa7 Qg6 27.
Qf2 Rd8 28. Qh4 Rd7 29. Bd6 Qg5 30. Qxg5 hxg5 31. Kf2 g6 32. a5 Kg7 33. b4 Rd8
34. Bxd5 cxd5 35. Be7 Rd7 36. Bxg5 Rc7 37. Rc1 Rc4 38. Be7 Bd7 39. Bc5 Bb5 40.
Ke3 f4+ 41. Kd2 g5 42. c3 Kg6 43. h3 Kf5 44. Re1 Ba6 45. Bf2 Bb5 46. g3 fxg3
47. Bxg3 d4 48. cxd4 1/2-1/2

[Event "HEM 2009 C-Turnier"]
[Site "Idstein"]
[Date "2009.04.09"]
[Round "3"]
[White "Kutschera, Julian"]
[Black "Gutacker, Stephan"]
[Result "1/2-1/2"]
[WhiteElo "1868"]
[BlackElo "1967"]
[PlyCount "38"]
[EventDate "2009.??.??"]

1. d4 Nf6 2. Nf3 b6 3. Nbd2 Bb7 4. e3 e6 5. Bd3 c5 6. c3 cxd4 7. exd4 Be7 8.
O-O O-O 9. Re1 Na6 10. Ne5 Nc7 11. Ndf3 d6 12. Nc4 Ba6 13. Bg5 Rc8 14. Ne3 Bxd3
15. Qxd3 Nfd5 16. Nxd5 Nxd5 17. Bxe7 Qxe7 18. Nd2 Qg5 19. g3 Nf6 1/2-1/2

[Event "HEM 2009 C-Turnier"]
[Site "Idstein"]
[Date "2009.04.09"]
[Round "3"]
[White "Zuschlag, Volker"]
[Black "Krzesinski, Paul"]
[Result "0-1"]
[WhiteElo "1964"]
[BlackElo "1745"]
[PlyCount "76"]
[EventDate "2009.??.??"]

1. e4 e5 2. f4 Bc5 3. Nf3 d6 4. c3 Bb6 5. d4 exd4 6. cxd4 Nc6 7. Be3 Nf6 8. Nc3
O-O 9. Bd3 Bg4 10. Be2 Nxe4 11. Nxe4 Re8 12. Qd3 Bf5 13. O-O Bxe4 14. Qd2 Qe7
15. Bf2 Ba5 16. Qe3 Qf6 17. Bb5 Bxf3 18. Qxf3 Nxd4 19. Qa3 Nxb5 20. Qxa5 c6 21.
Qb4 a5 22. Qb3 Qe6 23. Qd3 Qe2 24. Qb1 Qd2 25. f5 Re2 26. a4 Nc7 27. f6 Nd5 28.
fxg7 Ne3 29. Qa2 Nxf1 30. Rxf1 Qxb2 31. Qc4 d5 32. Qg4 Rae8 33. Bd4 Rxg2+ 34.
Qxg2 Qxd4+ 35. Kh1 Qxa4 36. Qb2 Qe4+ 37. Kg1 Qg4+ 38. Kh1 Re2 0-1

[Event "HEM 2009 C-Turnier"]
[Site "Idstein"]
[Date "2009.04.09"]
[Round "3"]
[White "Geringer, Waldemar"]
[Black "Engelbert, Thomas"]
[Result "0-1"]
[WhiteElo "1947"]
[BlackElo "1716"]
[PlyCount "80"]
[EventDate "2009.??.??"]

1. d4 Nf6 2. c4 g6 3. Nc3 Bg7 4. e4 d6 5. Nf3 O-O 6. Be2 e5 7. O-O Nc6 8. d5
Ne7 9. Ne1 Nd7 10. Be3 f5 11. f3 f4 12. Bf2 g5 13. a4 Ng6 14. a5 h5 15. h3 a6
16. b4 Rf7 17. c5 Bf8 18. c6 Nf6 19. cxb7 Bxb7 20. b5 Rg7 21. bxa6 Bxa6 22.
Bxa6 Rxa6 23. Nd3 Qc8 24. Nb4 Ra8 25. a6 g4 26. fxg4 hxg4 27. hxg4 Nxg4 28. Qf3
Ne3 29. Bxe3 Nh4 30. Bd2 Nxf3+ 31. Rxf3 Qg4 32. Rf2 Be7 33. Be1 f3 34. Nc2 Bh4
35. Rd2 f2+ 36. Rxf2 Bxf2+ 37. Kf1 Qxg2+ 38. Ke2 Bd4+ 39. Kd1 Bxc3 40. Bxc3
Qf3+ 0-1

[Event "HEM 2009 C-Turnier"]
[Site "Idstein"]
[Date "2009.04.09"]
[Round "3"]
[White "Raab, Hendrik"]
[Black "Juhnke, Peter"]
[Result "1/2-1/2"]
[WhiteElo "1789"]
[BlackElo "1945"]
[PlyCount "57"]
[EventDate "2009.??.??"]

1. d4 Nf6 2. Nf3 d6 3. c4 e5 4. dxe5 Ne4 5. Nbd2 Nc5 6. b4 Ne6 7. exd6 Qxd6 8.
a3 Nc6 9. Bb2 Bd7 10. e3 O-O-O 11. Be2 Rg8 12. O-O g5 13. Ne4 Qe7 14. Bf6 Qe8
15. Bxd8 Qxd8 16. Rc1 f5 17. Nc3 g4 18. Nd4 Ncxd4 19. exd4 Qh4 20. Re1 Rg6 21.
g3 Qh5 22. h4 Be7 23. Kg2 f4 24. Nd5 Bc6 25. Bxg4 Rxg4 26. Rxe6 Bxd5+ 27. cxd5
Qxd5+ 28. Kh3 Rg7 29. Qe2 1/2-1/2

[Event "HEM 2009 C-Turnier"]
[Site "Idstein"]
[Date "2009.04.09"]
[Round "3"]
[White "Loehr, Holger"]
[Black "Weber, Andreas"]
[Result "1-0"]
[WhiteElo "1730"]
[BlackElo "1921"]
[PlyCount "91"]
[EventDate "2009.??.??"]

1. Nf3 f5 2. d4 Nf6 3. c4 d6 4. g3 g6 5. Bg2 Bg7 6. O-O O-O 7. Nc3 Qe8 8. d5 a5
9. Qc2 Na6 10. b3 Nb4 11. Qb1 Ne4 12. Nxe4 fxe4 13. Ng5 Bxa1 14. Qxa1 e5 15.
dxe6 Bxe6 16. Bxe4 Bf5 17. Bg2 Qxe2 18. Qd4 Nc2 19. Bd5+ Be6 20. Bxe6+ Qxe6 21.
Nxe6 Nxd4 22. Nxd4 a4 23. Nb5 Rf7 24. Re1 axb3 25. axb3 Ra2 26. Bh6 Ra8 27. Kg2
Rd7 28. Re3 c6 29. Nc3 d5 30. cxd5 cxd5 31. Rd3 Ra5 32. b4 Ra3 33. Rxd5 Rxd5
34. Nxd5 Kf7 35. Be3 Ke6 36. Nf4+ Ke5 37. b5 Rb3 38. b6 g5 39. Ne2 h5 40. Nd4
Rb2 41. Nf3+ Kf5 42. Nxg5 Rb4 43. Nf7 h4 44. Nd6+ Ke6 45. Nxb7 hxg3 46. hxg3
1-0

[Event "HEM 2009 C-Turnier"]
[Site "Idstein"]
[Date "2009.04.09"]
[Round "3"]
[White "Will, Dominik"]
[Black "Bosse, Volkmar"]
[Result "0-1"]
[WhiteElo "1791"]
[BlackElo "1961"]
[PlyCount "46"]
[EventDate "2009.??.??"]

1. d4 d5 2. c4 Nc6 3. cxd5 Qxd5 4. e3 e5 5. Nc3 Bb4 6. Bd2 Bxc3 7. bxc3 exd4 8.
cxd4 Nf6 9. Ne2 O-O 10. Nc3 Qg5 11. g3 Re8 12. Ne2 Bg4 13. Qb3 Bf3 14. Rg1 Qh5
15. h3 Bxe2 16. Bxe2 Qxe2+ 17. Kxe2 Nxd4+ 18. Ke1 Nxb3 19. axb3 a6 20. Ke2 Rad8
21. Rac1 c6 22. Ba5 Rd5 23. Bc3 Ne4 0-1

[Event "HEM 2009 C-Turnier"]
[Site "Idstein"]
[Date "2009.04.09"]
[Round "3"]
[White "Foerster, Rudi"]
[Black "Heckwolf, Thomas"]
[Result "1-0"]
[WhiteElo "1936"]
[BlackElo "1618"]
[PlyCount "61"]
[EventDate "2009.??.??"]

1. e4 e5 2. Nf3 Nc6 3. Bb5 d6 4. Nc3 Nf6 5. d4 exd4 6. Qxd4 Bd7 7. Bxc6 Bxc6 8.
Bg5 Be7 9. O-O-O O-O 10. h4 Nd7 11. Nd5 Bxd5 12. exd5 Bf6 13. Qg4 Re8 14. Rh3
Ne5 15. Nxe5 Rxe5 16. f4 Re4 17. Qf5 Re2 18. Rg3 Bxg5 19. hxg5 Qe7 20. Rh3 g6
21. Qg4 Re1 22. Qh4 Rxd1+ 23. Kxd1 f6 24. gxf6 Qf7 25. Kc1 Re8 26. g4 Re4 27.
g5 h5 28. gxh6 Kh7 29. Qg5 Rd4 30. f5 gxf5 31. Qg7+ 1-0

[Event "HEM 2009 C-Turnier"]
[Site "Idstein"]
[Date "2009.04.09"]
[Round "3"]
[White "Sammons, Daniel"]
[Black "Vielsaecker, Dirk"]
[Result "1/2-1/2"]
[WhiteElo "1705"]
[BlackElo "1860"]
[PlyCount "78"]
[EventDate "2009.??.??"]

1. e4 e6 2. d4 d5 3. exd5 exd5 4. Nf3 Bd6 5. Nc3 Ne7 6. Be2 Nbc6 7. O-O O-O 8.
Nb5 Ng6 9. Nxd6 Qxd6 10. Be3 Nf4 11. Bb5 Bg4 12. Qd2 Ng6 13. Be2 Nce7 14. Rfe1
Nf5 15. h3 Nxe3 16. Qxe3 Bf5 17. c3 h6 18. Bd3 Bxd3 19. Qxd3 Rfe8 20. Qb5 Re4
21. Rxe4 dxe4 22. Qxb7 Re8 23. Re1 c6 24. Qxa7 Re7 25. Qa8+ Kh7 26. Nd2 Qf4 27.
Nc4 Re6 28. Qa4 Nh4 29. Qc2 Qg5 30. Ne3 Nf3+ 31. Kf1 Nxe1 32. Kxe1 f5 33. g3 f4
34. gxf4 Qxf4 35. d5 cxd5 36. Nxd5 Qf3 37. c4 Qh1+ 38. Ke2 Qf3+ 39. Ke1 Qh1+
1/2-1/2

[Event "HEM 2009 C-Turnier"]
[Site "Idstein"]
[Date "2009.04.09"]
[Round "3"]
[White "Friedrich, Helmut"]
[Black "Wesoly, Helge"]
[Result "1/2-1/2"]
[WhiteElo "1704"]
[BlackElo "1811"]
[PlyCount "78"]
[EventDate "2009.??.??"]

1. e4 c5 2. Nf3 d6 3. d4 cxd4 4. Nxd4 Nf6 5. Nc3 e6 6. Be2 a6 7. O-O Qc7 8. Be3
b5 9. a3 Bb7 10. f3 Be7 11. Qd2 d5 12. exd5 Nxd5 13. Nxd5 Bxd5 14. Nf5 Bf6 15.
c3 O-O 16. Ng3 Rd8 17. Qc2 Bc4 18. Rad1 Bxe2 19. Qxe2 Nc6 20. Ne4 Be7 21. Qf2
Na5 22. Bb6 Rxd1 23. Rxd1 Qc4 24. Rd4 Qc6 25. Bxa5 f5 26. Bb4 Bxb4 27. axb4
fxe4 28. Rxe4 Rd8 29. Qe2 Rd6 30. h3 Qd7 31. Qf2 Rd1+ 32. Re1 Rd2 33. Re2 Rd1+
34. Kh2 Qd6+ 35. g3 h5 36. h4 Kf7 37. Qe3 Rd3 38. Qf2 Kf6 39. Kg2 Qd5 1/2-1/2